Sports Quiz

Random Sports or World Cup Quiz

FIFA World Cup Golden Boot Winners Quiz Stats

 Plays Quiz Updated Jan 30, 2019

     
Support Sporcle.
Go Orange.
Score 0/27 Timer 06:00
3 Plays Today
Year Player % Correct
2002Ronaldo
94.9%
2018Harry Kane
94.3%
2014James Rodriguez
86.3%
2006Miroslav Klose
81.2%
1970Gerd Müller
73.5%
2010Thomas Müller
65.1%
1998Davor Šuker
56%
1986Gary Lineker
53.3%
1966Eusébio
52.1%
1994Hristo Stoichkov
45.9%
1982Paolo Rossi
45.1%
1958Just Fontaine
34.1%
1978Mario Kempes
33.7%
1962Garrincha
25.4%
Year Player % Correct
1990Salvatore Schillaci
21.3%
1994Oleg Salenko
19.5%
1974Grzegorz Lato
17.7%
1962Vavá
15.4%
1954Sándor Kocsis
14.7%
1938Leônidas da Silva
10.9%
1962Flórián Albert
7.9%
1930Guillermo Stábile
7.9%
1950Ademir
7.1%
1962Leonel Sánchez
6.8%
1934Oldřich Nejedlý
4%
1962Valentin Ivanov
3.9%
1962Dražan Jerković
3.6%

From the Vault

Golfer or US Senator?

by rer2121

Sports 4m
Politicians spend so much time golfing, it can get a bit confusing.
Remove Ads.
Support Sporcle.
Get the best of Sporcle when you Go Orange. This ad-free experience offers more features, more stats, and more fun while also helping to support Sporcle. Thank you for becoming a member.

Show Comments

Extras

Top Quizzes Today


Score Distribution

Your Account Isn't Verified!

In order to create a playlist on Sporcle, you need to verify the email address you used during registration. Go to your Sporcle Settings to finish the process.

Report this User

Report this user for behavior that violates our Community Guidelines.

Details: